00336nam a22001097a 4500020001800000082001500018100002200033245007700055260004200132300000800174650004400182 a9788185492719 a954.84 NAY aNayeem, Dr. M. A. aMir Osman Ali Khan Asaf Jah VII Nizam of Hyderabad and his Contributions aHyderabadbHyderabad Publishersc2018 a271 aHistory-HyderabadaNizam Administration